The Goons and their Characters - Statistics

General Stats
  • This quiz has been taken 3 times
  • The average score is 4 of 11
Answer Stats
Hint Answer % Correct
Cast Spike Milligan
100%
Character Bluebottle
50%
Character Eccles
50%
Cast Harry Seacombe
50%
Character Major Denis Bloodnok
50%
Character Neddy Seagoon
50%
Cast Peter Sellars
50%
Character Count Jim Moriarty
0%
Character Henry Crun
0%
Character Hercules Grytpype-Thynne
0%
Character Minnie Bannister
0%
No matching quizzes found
Score Distribution
Percent of People with Each Score
Percentile by Number Answered
Your Score History
You have not taken this quiz